Oriental Carpets : Their Iconology and Iconography from Earlest Times to the 18th Century /
Detallado estudio del diseño de tapices y alfombras en el arte oriental, desde la temprana Edad Media hasta el siglo XVIII. Se describen los distintos grupos-tipo de cada período, tanto en términos técnicos, como estéticos y simbólicos.
Збережено в:
| Автор: | |
|---|---|
| Формат: | Книга |
| Мова: | Англійська |
| Опубліковано: |
Colonia, Alemania :
Taschen,
1998, c1998
|
| Предмети: | |
| Теги: |
Немає тегів, Будьте першим, хто поставить тег для цього запису!
|
MARC
| LEADER | 00000nam^a2200000^a^4500 | ||
|---|---|---|---|
| 001 | 000120884 | ||
| 005 | 20250526000000.0 | ||
| 009 | 20260310094406.056 | ||
| 020 | |a 3-8228-0545-9 | ||
| 037 | |a Acervo ITESO - Biblioteca | ||
| 041 | |a ING | ||
| 082 | |a 746. 791811 |b GAN | ||
| 100 | |a Gantzhorn, Volkmar |e (autor) | ||
| 245 | 1 | 0 | |a Oriental Carpets : |b Their Iconology and Iconography from Earlest Times to the 18th Century / |c V. Gantzhorn ; introd. de Robert Bartlett Haas. |
| 264 | 4 | |a Colonia, Alemania : |b Taschen, |c 1998, c1998 | |
| 300 | |a 532 p. ; |c 32.5 cm. | ||
| 336 | |a texto |b txt |2 rdacontenido | ||
| 337 | |a sin mediación |b n |2 rdamedio | ||
| 338 | |a volumen |b nc |2 rdasoporte | ||
| 520 | |a Detallado estudio del diseño de tapices y alfombras en el arte oriental, desde la temprana Edad Media hasta el siglo XVIII. Se describen los distintos grupos-tipo de cada período, tanto en términos técnicos, como estéticos y simbólicos. | ||
| 649 | |a XX | ||
| 650 | |a Alfombras y Tapices - |z Oriente - |x Tema Principal | ||
| 650 | |a Diseño Textil - |z Oriente | ||
| 650 | |a Artesanía - |z Oriente | ||
| 650 | |a Arte Popular - |z Oriente | ||
| 650 | |a Arte Oriental - |x Historia y Crítica | ||
| 650 | |a Arte y Simbolismo - |x Historia y Crítica | ||
| 910 | |a Fondo General | ||
| 920 | |a Impresos - Libros | ||
| 930 | |a Libros Antiguos y Raros | ||
| 905 | |a 108 | ||
| 901 | |a 0500055225 |b IT2 |c LRA |u 20250526 | ||
| 902 | |a https://opac.biblio.iteso.mx/vufind/Record/000120884 | ||